000 00278nam a22001337a 4500
008 170621b xxu||||| |||| 00| 0 eng d
020 _a00899083536
041 _aeng
080 _a94
100 _a16
101 _aSHH
245 _aNUCLEAR WAR
_cBENDER,D.L
942 _2udc
_cBK
999 _c18513
_d18513